00535nam a2200157Ia 4500003000900000008004100009020002200050040001600072080002200088100002100110245009500131260006100226300002300287650003200310650003500342IN-BaIIA211028s9999 xx 000 0 eng d a978-1-58381-742-1 cIIA Library a082.2:52bASP-431 aBarnes, Jonathan 0aScience education and outreachcJonathan Barnes  aSan FranciscobAstronomical Society of the Pacificc2010 a[various pagings.] aPlenary panels - congresses aScience education - congresses